000 00654nam a22001937a 4500
005 20151103115053.0
010 _aENG-113726
020 _a9789383946082
_c240.00
035 _aEN- 97258
037 _bDBAD/PUB
082 _a910.03
245 _aNucleus geography terminology :
_cedited & compiled by S.N. Singh [and] Ganesh Dutt
_benhance your subjective word power /
260 _aGreater Noida
_bNucieus Books & Encyclopedia
_c2015
270 _aOffice Add. 2nd Floor, B-31, Packet P3
_bGreater Noida
_e201308
300 _a200p.
_c21cm(pbk)
700 _a Singh, S.N.
700 _aDutt, Ganesh
942 _2ddc
_cEN
_mNUC
_h910.03
999 _c95327
_d95327